00261nam a2200109Ia 4500008004100000041000800041082001500049100001100064245002400075260003300099300001900132241015s9999 xx 000 0 und d aeng a006.68 MON aMonsey aTableau For Dummies bWiley IndiaaNew Delhic2022 a267;. P. 23 cm